| 000 | 01101nam a2200253Ia 4500 | ||
|---|---|---|---|
| 001 | 701-COO an tr (14896) | ||
| 003 | IT-MiSPE | ||
| 008 | 171229s9999||||xx |||||||||||||| ||und|| | ||
| 040 |
_aIT-MiSPE _cIT-MiSPE |
||
| 041 | _aITALIANO | ||
| 100 | _aAnanda Kentish Coomaraswamy | ||
| 240 | _aThe transformation of nature in art | ||
| 245 | 0 | _aLa trasfigurazione della natura nell'arte | |
| 250 | _a2a ed. | ||
| 260 |
_aMilano _bRusconi _c1990 |
||
| 300 |
_a185 p. _c22 cm |
||
| 490 | _aProblemi attuali | ||
| 501 | _aEdizioni San Paolo srl - Piazza Soncino, 5 - 20092 CINISELLO BALSAMO (MI) (non commercial uses only) ® Copyright 2018 | ||
| 520 | _aGrazia Marchianò (intr.) | ||
| 700 |
_aGrazia Marchianò _g(traduzione) |
||
| 942 | _cBK | ||
| 957 | _71 | ||
| 999 |
_a1273 _bNO _g Copie: 1 _c351226 _d351226 |
||